Popolové hrádze /

Uložené v:
Podrobná bibliografia
Hlavní autori: Petrík, P. M. (Author), Motlík, M. (Author), Kazimírová, E. (Author)
Médium: Kniha
Jazyk:Slovak
Vydané: Bratislava : Výskumný ústav inžinierských stavieb, 1971.
Vydanie:1. vyd.
Edícia:Výskumný ústav inžinierských stavieb, Bratislava 23
ISBN: (brož.)
Fyzický popis: 113 s.
Tagy: Pridať tag
Žiadne tagy, Buďte prvý kto otaguje tento záznam!

MARC

LEADER 00000nam a2200000 a 4500
001 000143607
005 20091019151534.0
008 040101s1971 xo e slo d
020 |a (brož.) 
040 |a SVKKK  |b slo  |c SVKKK  |e AACR2 
041 0 |a slo 
044 |a xo  |c SK 
100 1 |a Petrík, P. M.  |4 aut 
245 1 0 |a Popolové hrádze /  |c P. M. Petrík, M. Motlík, E. Kazimírová. 
250 |a 1. vyd. 
260 |a Bratislava :  |b Výskumný ústav inžinierských stavieb,  |c 1971. 
300 |a 113 s. 
490 1 |a Výskumný ústav inžinierských stavieb, Bratislava  |v 23 
700 1 |a Motlík, M.  |4 aut 
700 1 |a Kazimírová, E.  |4 aut 
830 0 |a Výskumný ústav inžinierských stavieb, Bratislava  |v 23 
910 |a svkkk 
998 |a BK 
090 |g SCKHL  |k Sklad Pribinova 2. posch.  |a II.194804  |j 476311  |i 143607-10  |s Absenčne